000 00527nam a22001937a 4500
005 20171116115157.0
010 _aENG-121425
020 _c325.00
_a9789325980853
035 _aEN-104957
037 _bDBAD/PUB
082 _a658.1
100 _aJain,I.C.
245 _aMangenent accounting /
_cby I.C. Jain
260 _aNoida
_bVikas Publishing House
_c2014
270 _aE-28,Sector-8,
_bNoida
_e201301
300 _axi,444p.
_c25cm(pbk)
500 _aIncludes index
942 _2ddc
_cEN
_mJAI
_h658.151
999 _c147470
_d147470